Bundesliga Tabelle 24/25 - Statistiken

Allgemein
  • Dieses Quiz wurde 213 mal gespielt
  • Das Durchschnittsergebnis liegt bei 13 aus 18
Antwortstatistiken
Tabellenstand Antwort % Korrekt
1 Bayern München
100%
2 Bayer 04 Leverkusen
99%
4 Borussia Dortmund
93%
3 Eintracht Frankfurt
89%
5 SC Freiburg
86%
6 Mainz 05
81%
7 RB Leipzig
78%
18 VfL Bochum
77%
16 1. FC Heidenheim
75%
17 Holstein Kiel
73%
15 TSG Hoffenheim
64%
9 VfB Stuttgart
62%
8 Werder Bremen
61%
10 Borussia Mönchengladbach
57%
12 FC Augsburg
56%
14 St Pauli
55%
11 VfL Wolfsburg
52%
13 Union Berlin
51%
Keine übereinstimmenden Quizze gefunden
Verteilung der Resultate
Anzahl Personen mit jedem Resultat
Perzentil nach korrekt beantworteten Fragen
Ihre Resultats-Entwicklung
Sie haben dieses Quiz noch nicht gespielt